000 00504nam a2200193Ia 4500
003 GCL
008 140319s9999 xx 000 0 eng d
040 _aGCL /
_cGCL
082 0 4 _a658.04
_bCN
100 1 _aWEINSTEIN, OLIVIER
245 1 0 _aLES NOUVELLES THEORIES DE L'ENTREPRISE /
_cWEINSTEIN, OLIVIER
700 1 _aCORIAT, BENJAMIN
260 _a[S.N] :
_bLE LIVRE DE POCHE ،
_c1995
300 _a218
650 0 4 _aECONOMICS
650 0 4 _aMANAGEMENT
650 0 4 _aENTERPRISES
942 _2ddc
_cBK
999 _c25356
_d25356